[Event "Vojvodina-chT"]
[Site "Pancevo"]
[Date "2007.09.27"]
[Round "6"]
[White "Radanovic, Borislav"]
[Black "Nedeljkovic, Djordje"]
[Result "1/2-1/2"]
[WhiteElo "2178"]
[BlackElo "2181"]
[PlyCount "26"]
[EventDate "2007.09.24"]
[EventType "team-tourn"]
[EventRounds "9"]
[EventCountry "SRB"]
[SourceTitle "EXT 2023"]
[Source "ChessBase"]
[SourceDate "2022.10.05"]
[SourceVersion "1"]
[SourceVersionDate "2022.10.05"]
[SourceQuality "1"]

1. e4 e5 2. Nf3 Nf6 3. d3 Nc6 4. g3 d5 5. Nbd2 dxe4 6. dxe4 Bc5 7. Bg2 Bg4 8. 0-0 Qd7 9. c3 a5 10. Qa4 0-0 11. Qb5 Bb6 12. Re1 Rfe8 13. a4 Be6 1/2-1/2

[Event "Vojvodina-chT"]
[Site "Sremska Mitrovica"]
[Date "2006.09.22"]
[Round "1"]
[White "Nedeljkovic, Djordje"]
[Black "Miljkovic, Vladimir"]
[Result "1/2-1/2"]
[WhiteElo "2198"]
[BlackElo "2241"]
[PlyCount "37"]
[EventDate "2006.09.22"]
[EventType "team"]
[EventRounds "9"]
[EventCountry "YUG"]
[SourceTitle "CBM 114 Extra"]
[Source "ChessBase"]
[SourceDate "2006.11.03"]
[SourceVersion "1"]
[SourceVersionDate "2006.11.03"]
[SourceQuality "1"]

1. e4 c5 2. c3 b6 3. d4 Bb7 4. Nd2 cxd4 5. cxd4 Nf6 6. Bd3 g6 7. Ngf3 Bg7 8. 0-0 0-0 9. Re1 d6 10. b4 a6 11. Bb2 Nc6 12. Qb3 d5 13. e5 Ne8 14. Rac1 Nc7 15. Rc2 Qd7 16. Rec1 Rfc8 17. a3 Bh6 18. Re1 Ne6 19. Qa2 1/2-1/2

[Event "SCG-chT Vojvodina"]
[Site "Sombor"]
[Date "2004.09.28"]
[Round "6.4"]
[White "Vukic, Radivoje"]
[Black "Nedeljkovic, Djordje"]
[Result "1/2-1/2"]
[WhiteElo "2300"]
[BlackElo "2202"]
[PlyCount "142"]
[EventDate "2004.09.25"]
[EventType "team"]
[EventRounds "11"]
[EventCountry "YUG"]
[SourceTitle "CBM 102 Extra"]
[Source "ChessBase"]
[SourceDate "2004.11.03"]
[SourceVersion "1"]
[SourceVersionDate "2004.11.03"]
[SourceQuality "1"]
[WhiteTeam "06"]
[BlackTeam "10"]
[WhiteTeamCountry "YUG"]
[BlackTeamCountry "YUG"]

1. d4 Nf6 2. c4 e6 3. Nc3 Bb4 4. e3 0-0 5. Nge2 d5 6. a3 Be7 7. cxd5 exd5 8. Ng3 c6 9. Bd3 Bd6 10. 0-0 Re8 11. Qc2 h6 12. Nf5 Bc7 13. f3 Bxf5 14. Bxf5 Qd6 15. g3 Nbd7 16. Qf2 Bb6 17. Na4 Rac8 18. b4 Rb8 19. Rb1 a6 20. Nc5 Bxc5 21. bxc5 Qe7 22. Qc2 Nf8 23. Bd2 Ne6 24. Rb3 g6 25. Bh3 Nd8 26. Rfb1 Nh7 27. Bg2 Ng5 28. h4 Nge6 29. Be1 Ng7 30. g4 h5 31. Bg3 Ra8 32. Bh3 Kh7 33. Qf2 Rg8 34. Bd6 Qe8 35. g5 Ra7 36. Re1 Nf5 37. Bxf5 gxf5 38. Kh1 Qe6 39. Be5 Re8 40. Qh2 Ra8 41. Bf6 Qd7 42. Reb1 Ra7 43. Qb8 f4 44. Qxf4 Qh3+ 45. Kg1 Ne6 46. Qh2 Qxf3 47. Rf1 Qg4+ 48. Qg2 Ng7 49. Qxg4 hxg4 50. Bxg7 Kxg7 51. Kg2 Re7 52. Kg3 Ra8 53. Kxg4 Rae8 54. Rf3 Re4+ 55. Kg3 R8e7 56. h5 R4e6 57. Kf2 f6 58. g6 Re4 59. Rh3 Kh6 60. Rb1 Rg4 61. Rg1 Rge4 62. Rgg3 Re8 63. Rf3 Kg7 64. Rf5 Rh8 65. Rf4 Ree8 66. Kf3 b5 67. cxb6 Rb8 68. e4 Rxb6 69. Kg4 dxe4 70. Rxe4 Rb7 71. Re6 Rd7 1/2-1/2

[Event "SCG-chT Vojvodina"]
[Site "Sombor"]
[Date "2004.09.25"]
[Round "1.5"]
[White "Parezanin, Darko"]
[Black "Nedeljkovic, Djordje"]
[Result "0-1"]
[WhiteElo "2226"]
[BlackElo "2202"]
[PlyCount "110"]
[EventDate "2004.09.25"]
[EventType "team"]
[EventRounds "11"]
[EventCountry "YUG"]
[SourceTitle "CBM 102 Extra"]
[Source "ChessBase"]
[SourceDate "2004.11.03"]
[SourceVersion "1"]
[SourceVersionDate "2004.11.03"]
[SourceQuality "1"]
[WhiteTeam "08"]
[BlackTeam "10"]
[WhiteTeamCountry "YUG"]
[BlackTeamCountry "YUG"]

1. e4 e5 2. Bc4 Nc6 3. Nf3 d6 4. d4 Bg4 5. c3 Bxf3 6. Qxf3 Qf6 7. Qd1 exd4 8. 0-0 Nge7 9. Qb3 Rb8 10. f4 g6 11. e5 Qf5 12. Kh1 Bg7 13. cxd4 Nxd4 14. Qd1 Ndc6 15. Nc3 0-0 16. exd6 cxd6 17. Qxd6 Rfd8 18. Qa3 a6 19. Bb3 Bd4 20. Qa4 b5 21. Qxa6 Rb6 22. Qa3 b4 23. Qa4 bxc3 24. Bc2 Qb5 25. Qxb5 Rxb5 26. bxc3 Bxc3 27. Rb1 Rxb1 28. Bxb1 Bd2 29. g3 Nf5 30. Bb2 Ne3 31. Rg1 Nd4 32. Be4 Ne2 33. Rb1 Rb8 34. Bf6 Rxb1+ 35. Bxb1 Nc3 36. Bxc3 Bxc3 37. Bd3 Kf8 38. Kg1 Be1 39. Be2 f5 40. a4 Ke7 41. Bb5 Kd6 42. Be8 Kc5 43. Bf7 Kb4 44. Bg8 h6 45. Bf7 g5 46. fxg5 hxg5 47. Be8 f4 48. gxf4 gxf4 49. Bc6 Bh4 50. Kh1 Nc4 51. Kg2 Ne5 52. Bb5 f3+ 53. Kh3 Nc4 54. Bc6 f2 55. Bg2 Ne3 0-1

[Event "YUG-ch U20"]
[Site "Subotica"]
[Date "2004.08.22"]
[Round "11"]
[White "Nedeljkovic, Djordje"]
[Black "Prijovic, Bojan"]
[Result "1-0"]
[WhiteElo "2202"]
[BlackElo "1800"]
[PlyCount "113"]
[EventDate "2004.08.12"]
[EventType "tourn"]
[EventRounds "13"]
[EventCountry "YUG"]
[SourceTitle "CBM 101 Extra"]
[Source "ChessBase"]
[SourceDate "2004.09.01"]
[SourceVersion "2"]
[SourceVersionDate "2004.09.01"]
[SourceQuality "1"]

1. e4 e6 2. d4 d5 3. exd5 exd5 4. Qf3 Bd6 5. Bd3 Ne7 6. Ne2 Nbc6 7. c3 Be6 8. Nf4 Qd7 9. h3 0-0-0 10. 0-0 Rdf8 11. Re1 Ng6 12. Nxe6 fxe6 13. Qg4 e5 14. Qxd7+ Kxd7 15. Bxg6 hxg6 16. Be3 exd4 17. Bxd4 Nxd4 18. cxd4 Rf4 19. Rd1 Rff8 20. Rd2 g5 21. Nc3 c6 22. g3 Rf6 23. Kg2 Rhf8 24. Rh1 Rh6 25. Rdd1 Re6 26. Rhe1 Rfe8 27. Kf1 b6 28. Rxe6 Rxe6 29. Re1 a5 30. Na4 Bc7 31. b3 Bd8 32. Rxe6 Kxe6 33. Ke2 Kd6 34. Kd3 Ke6 35. Nc3 c5 36. Ne2 Bf6 37. f4 gxf4 38. Nxf4+ Kd6 39. Ne2 g5 40. a3 Kc6 41. Ke3 Be7 42. a4 Bf6 43. Kd3 Kd6 44. Ke3 Ke6 45. Kd3 Kd6 46. Ke3 Kc6 47. Kd3 Kd6 48. Nc3 cxd4 49. Nb5+ Kc5 50. Nc7 Kd6 51. Ne8+ Ke5 52. Nxf6 Kxf6 53. Kxd4 Ke6 54. h4 gxh4 55. gxh4 Kf5 56. Kxd5 Kg4 57. Kc6 1-0

[Event "YUG-ch U20"]
[Site "Subotica"]
[Date "2004.08.21"]
[Round "10"]
[White "Dobrijevic, Milan"]
[Black "Nedeljkovic, Djordje"]
[Result "1/2-1/2"]
[WhiteElo "2171"]
[BlackElo "2202"]
[PlyCount "62"]
[EventDate "2004.08.12"]
[EventType "tourn"]
[EventRounds "13"]
[EventCountry "YUG"]
[SourceTitle "CBM 101 Extra"]
[Source "ChessBase"]
[SourceDate "2004.09.01"]
[SourceVersion "2"]
[SourceVersionDate "2004.09.01"]
[SourceQuality "1"]

1. e4 e5 2. Bc4 Nf6 3. d4 exd4 4. Nf3 Bb4+ 5. c3 dxc3 6. bxc3 d5 7. cxb4 dxc4 8. Qxd8+ Kxd8 9. Bg5 Nbd7 10. e5 Re8 11. 0-0 Nxe5 12. Nxe5 Rxe5 13. f4 Re8 14. Na3 c6 15. Nxc4 Kc7 16. f5 Re4 17. Bf4+ Kd7 18. Rad1+ Nd5 19. Ne3 Ke8 20. Nxd5 cxd5 21. Rxd5 Bd7 22. Re5+ Rxe5 23. Bxe5 f6 24. Bd6 Kf7 25. Re1 Re8 26. Rxe8 Kxe8 27. g4 h5 28. h3 hxg4 29. hxg4 Kf7 30. Kf2 g6 31. fxg6+ Kxg6 1/2-1/2

[Event "YUG-ch U20"]
[Site "Subotica"]
[Date "2004.08.14"]
[Round "3"]
[White "Robulj, Nenad"]
[Black "Nedeljkovic, Djordje"]
[Result "1-0"]
[WhiteElo "2259"]
[BlackElo "2202"]
[PlyCount "53"]
[EventDate "2004.08.12"]
[EventType "tourn"]
[EventRounds "13"]
[EventCountry "YUG"]
[SourceTitle "CBM 101 Extra"]
[Source "ChessBase"]
[SourceDate "2004.09.01"]
[SourceVersion "2"]
[SourceVersionDate "2004.09.01"]
[SourceQuality "1"]

1. e4 e5 2. d4 exd4 3. Qxd4 Nc6 4. Qe3 Nf6 5. Bd2 Bb4 6. Nc3 0-0 7. 0-0-0 Re8 8. Qg3 Rxe4 9. a3 Bxc3 10. Bxc3 d6 11. f3 Re8 12. h4 Be6 13. Nh3 Nh5 14. Qf2 Bxh3 15. Rxh3 Qe7 16. Bd2 Qe5 17. f4 Qd5 18. Bc3 Qf5 19. Rf3 Re7 20. g4 Qxg4 21. Bh3 Qg6 22. f5 Qh6+ 23. Bd2 Qf6 24. Bg5 Qe5 25. Re3 Qc5 26. Bxe7 Nxe7 27. Qe1 1-0